• 首页
  • 本馆介绍
  • 公告通知
  • 最新文献
  • 馆藏检索
  • 电子资源
  • 读者导购
  • 参考咨询
  • 我的图书馆
  • 登录
  • 详细信息显示
  • 放入我的书架
  • 预约/预借图书
  • 作者相关作品
  • 分类相关作品
  • 丛书相关作品
  • 出版社相关作品

书目信息

  • 表格格式
  • 工作单格式
  • 卡片格式
题名:
黄河流域水资源及其演变规律研究
    
 
作者: 王浩 著
分册:  
出版信息: 北京   科学出版社  2010.09
页数: 10,296页
开本: 27cm
丛书名:
单 册:
中图分类: TV211.1
科图分类:
主题词: 水资源
电子资源:
ISBN: 978-7-03-024055-2
000 01005nam0 2200265 450
001 010010080202
005 20130701094649.04
010    @a978-7-03-024055-2@b精装@dCNY88.00
100    @a20101020d2010 em y0chiy0110 ea
101 0  @achi
102    @aCN@b110000
105    @aafk z 000yy
106    @ar
200 1  @a黄河流域水资源及其演变规律研究@9huang he liu yu shui zi yuan ji qi yan bian gui lu^ yan jiu@f王浩[等]著
210    @a北京@c科学出版社@d2010.09
215    @a10,296页@c图,折图,图版(8页)@d27cm
300    @a国家科学技术著作出版基金资助出版 “十一五”国家重点图书出版规划项目
330    @a本书在研究大规模人类活动改变天然水循环的大气、地表、土壤和地下各个过程的基础上,综合分析了现代环境下流域水资源对不同类型人类活动的非线性响应机理,提出了黄河流域水资源评价的系列成果。
606 0  @a水资源
607    @a黄河流域@x水资源@x研究
607    @a黄河流域
690    @aTV211.1@v4
701  0 @a王浩@9wang hao@4著
801  0 @aCN@bRENTIAN@c20101020
905    @b544970-74@dTV211.1@e59@f5
    
    黄河流域水资源及其演变规律研究/王浩[等]著.-北京:科学出版社,2010.09
    10,296页:图,折图,图版(8页);27cm
    国家科学技术著作出版基金资助出版 “十一五”国家重点图书出版规划项目
    
    ISBN 978-7-03-024055-2(精装):CNY88.00
    本书在研究大规模人类活动改变天然水循环的大气、地表、土壤和地下各个过程的基础上,综合分析了现代环境下流域水资源对不同类型人类活动的非线性响应机理,提出了黄河流域水资源评价的系列成果。
●
相关链接 在E读中查询图书 在五车中查询图书 在当当中查询图书 在豆瓣中查询图书


正题名:黄河流域水资源及其演变规律研究     索取号:TV211.1/59         预约/预借

序号 登录号 条形码 馆藏地/架位号 状态 备注
1 544970   205449709   第二样本阅览室/ [索取号:TV211.1/59] 在馆    
2 544971   205449718   第三借阅区/ [索取号:TV211.1/59] 在馆    
3 544972   205449727   第三借阅区/ [索取号:TV211.1/59] 在馆    
4 544973   205449736   第三借阅区/ [索取号:TV211.1/59] 在馆    
5 544974   205449745   密集书库-资源管理系/ [索取号:TV211.1/59] 在馆    
唐山师范学院图书馆 欢迎您!
大连网信软件有限公司© 版权所有